书目信息 |
| 题名: |
泛函分析
|
|
| 作者: | 斯坦恩 , 沙卡什 著 ;王茂发 , 姚兴兴 译 | |
| 分册: | ||
| 出版信息: | 北京 机械工业出版社 2019.09 |
|
| 页数: | 322页 | |
| 开本: | 25cm | |
| 丛书名: | 普林斯顿分析译丛 | |
| 单 册: | ||
| 中图分类: | O177 | |
| 科图分类: | ||
| 主题词: | 泛函分析--fan han fen xi--高等学校--教材 | |
| 电子资源: | ||
| ISBN: | 978-7-111-61654-2 | |
| 000 | 01627nam 2200373 450 | |
| 001 | 2055786480 | |
| 005 | 20201105152956.51 | |
| 010 | @a978-7-111-61654-2@b精装@dCNY88.00 | |
| 100 | @a20200331d2019 em y0chiy50 ea | |
| 101 | 1 | @achi@ceng |
| 102 | @aCN@b110000 | |
| 105 | @ay a 000yy | |
| 200 | 1 | @a泛函分析@Afan han fen xi@f(美) 伊莱亚斯 M. 斯坦恩, 拉米·沙卡什著@g王茂发, 姚兴兴译 |
| 210 | @a北京@c机械工业出版社@d2019.09 | |
| 215 | @a322页@d25cm | |
| 225 | 2 | @a普林斯顿分析译丛@Apu lin si dun fen xi yi cong |
| 225 | 2 | @a世界名校名家基础教育系列@Ashi jie ming xiao ming jia ji chu jiao yu xi lie |
| 300 | @a“十三五”国家重点出版物出版规划项目 | |
| 306 | @a由普林斯顿大学出版社授权出版 | |
| 306 | @a本书限中国大陆发行 | |
| 312 | @a英文题名取自封面 | |
| 320 | @a有书目 (第318-320页) | |
| 330 | @a本书内容分为8章, 第1章介绍Lp空间和Banach空间, 第2章过渡到调和分析中的Lp空间, 第3章讨论分布: 广义函数, 第4章讲述Baire纲定理的应用, 第5章为概率论基础, 第6章介绍Brownian运动, 第7章为多复变引论, 第8章介绍Fourier分析中的振荡积分, 全书展现了泛函分析理论的基本思想, 特别强调它与调和分析的联系。 | |
| 410 | 0 | @12001 @a普林斯顿分析译丛 |
| 410 | 0 | @12001 @a世界名校名家基础教育系列 |
| 500 | 10 | @aFunctional analysis: introduction to further topics in analysis@mChinese |
| 606 | 0 | @a泛函分析@Afan han fen xi@x高等学校@j教材 |
| 690 | @aO177@v5 | |
| 701 | 1 | @a斯坦恩@Asi tan en@g(Stein, Elias M.)@4著 |
| 701 | 1 | @a沙卡什@Asha ka shen@g(Shakarchi, Rami)@4著 |
| 702 | 0 | @a王茂发@Awang mao fa@4译 |
| 702 | 0 | @a姚兴兴@Ayao xing xing@4译 |
| 801 | 0 | @aCN@b人天书店@c20200930 |
| 905 | @aZUCC@dO177@eS709 | |
| 泛函分析/(美) 伊莱亚斯 M. 斯坦恩, 拉米·沙卡什著/王茂发, 姚兴兴译.-北京:机械工业出版社,2019.09 |
| 322页;25cm.-(普林斯顿分析译丛).-(世界名校名家基础教育系列) |
| “十三五”国家重点出版物出版规划项目 |
| ISBN 978-7-111-61654-2(精装):CNY88.00 |
| 本书内容分为8章, 第1章介绍Lp空间和Banach空间, 第2章过渡到调和分析中的Lp空间, 第3章讨论分布: 广义函数, 第4章讲述Baire纲定理的应用, 第5章为概率论基础, 第6章介绍Brownian运动, 第7章为多复变引论, 第8章介绍Fourier分析中的振荡积分, 全书展现了泛函分析理论的基本思想, 特别强调它与调和分析的联系。 |
| ● |
| 相关链接 |
|
|
|
正题名:泛函分析
索取号:O177/S709
 
预约/预借
| 序号 | 登录号 | 条形码 | 馆藏地/架位号 | 状态 | 备注 |
| 1 | 1479631 | 214796318 | 自科库401/401自科库 45排5列4层/ [索取号:O177/S709] | 在馆 | |
| 2 | 1479632 | 214796327 | 自科库401/401自科库 45排5列4层/ [索取号:O177/S709] | 在馆 |